000 01457nab a2200241 i 4500
001 768714001
003 CO-MdFUSB
005 20240618152236.0
008 240618t1990 us ||||| |||| 00| 0 eng d
040 _bspa
_cCO-MdFUSB
_dCO-MdFUSB
041 _aeng
100 _aSchreiter, Robert J.,
_eautor
245 1 _aJesus Christ and mission :
_bthe cruciality of christology
_c/ Robert J. Schreiter
520 _aHoy en día, las preguntas sobre la relación entre la salvación dada en Jesucristo y el valor salvífico de las religiones no cristianas cobran mayor importancia que nunca. El autor sugiere en este artículo que, aunque las iglesias cristianas están divididas en sus respuestas a este desafío, puede haber algunas áreas en las que puedan trabajar juntas para enfrentar este problema en el siglo XXI. Propone tres áreas para esa exploración común: qué medida de salvación podría encontrarse en las religiones no cristianas; el significado de la Trinidad para comprender las religiones no cristianas; y la importancia de predicar a Cristo íntegro.
546 _aTexto en inglés.
650 7 _aTeología dogmática
_96937
650 7 _aEscatología
_9213
650 7 _aTrinidad
_9177
650 7 _aCristología
_9239
773 0 _049486
_982781
_d Pasadena
_oR2656
_tMissiology:
_w(CO-MdFUSB)97
_gVolumen 18, (número 4, 1990) páginas: 429 - 438
_qpágina: 429
942 _cANA
945 _aCatherine Arias Álvarez - Practicante SENA
999 _c70266
_d70266